000 00659nam a2200229 a 4500
008
020 _a0534011918 (hbk.)
049 _aMAIN
090 _aQA303
_bKUH
100 1 _aKuhfittig, Peter K.F.
245 1 0 _aTechnical calculus with analytic geometry /
_cPeter K. F. Kuhfittig.
260 _aMonterey, Calif. :
_bBrooks/Cole,
_cc1983.
300 _axiii, 460 p. :
_bill. ;
_c24 cm.
500 _aIncludes index.
650 0 _aCalculus.
650 0 _aGeometry, Analytic.
907 _a.b10034237
_b22-10-13
_c17-04-03
003
005 20230123133525.0
040 _cNUST
942 _cBOOKS
_kQA303
_mKUH
999 _c150086
_d150086